000 00788nam a2200193 i 4500
001 33359
003 ES-MaACL
005 20260127062524.0
007 t|
008 030202s1949 sp ||||1| spa d
100 1 _aBilbao y Eguía, Esteban de.
_928872
245 1 3 _aLa idea de la justicia y singularmente de la justicia social
_b: discurso leído el día 19 de enero de 1949, en la sesión inaugural del curso 1948-49 /
_cpor Esteban de Bilbao y Eguía.
260 _aMadrid :
_b[s.n.,
_c1949] (
_fImp. Viuda Galo Sèz)
300 _a54 p. ;
_c25 cm.
500 _aPrecede al tít.: Real Academia de Jurisprudencia y Legislación.
700 _aReal Academia de Jurisprudencia y Legislación de España
_9217612
852 _aES-MaACL
_j1655-F-11
_bR.26616
999 _c33359
_d33359